Visualizzazione normale
Vista MARC
di Personal Name
Records bibliografici associati: 1
001 - CONTROL NUMBER
- control field: 35095
003 - CONTROL NUMBER IDENTIFIER
- control field: IT-RoPau
005 - DATE AND TIME OF LATEST TRANSACTION
- control field: 20150623223847.0
008 - FIXED-LENGTH DATA ELEMENTS
- fixed length control field: 150623|| aca||aabn | a|a d
040 ## - CATALOGING SOURCE
- Original cataloging agency: IT-RoPau
- Transcribing agency: IT-RoPau
100 ## - HEADING--PERSONAL NAME
- Personal name:
- Dates associated with a name: 1847-1926
670 ## - SOURCE DATA FOUND
- Source citation: Work cat.: (IT-RoPau)21338: I. B. Pighi 35094, Cursus theologiae moralis ad usum scholarum quam recognovit et auxit A. Grazioli. 5. et 6. ed.